Normal view
MARC view
- Dr. Ali Hassan.
Entry Personal Name
001 - CONTROL NUMBER
- control field: 16058
003 - CONTROL NUMBER IDENTIFIER
- control field: NUST
005 - DATE AND TIME OF LATEST TRANSACTION
- control field: 20190630121754.0
008 - FIXED-LENGTH DATA ELEMENTS
- fixed length control field: 190630|| aca||aabn | a|a d
040 ## - CATALOGING SOURCE
- Original cataloging agency: NUST
- Transcribing agency: NUST
100 ## - HEADING--PERSONAL NAME
- Personal name: Dr. Ali Hassan.
670 ## - SOURCE DATA FOUND
- Source citation: Work cat.: (NUST): Rehman Khattak, Asad 16057, EEG Signal Classification using RBF Neural Network Trained with Improved PSO Algorithm for Epilepsy Identification /, 2018.
